00688nam a2200217Ia 4500003000900000008004100009040001300050040001300063041000800076100002200084245006900106250001100175260002600186260000900212300001100221300001000232490000600242942000700248999001700255952019800272IT-RoPAU120407s9999 xx 000 0 und d aIT-RoPAU cIT-RoPAU aeng aGiacomo Alberione aPractices of piety and interior life. Explained by the Founder.  aBoston aDaughters of St. Paul c1970 a265 p. c18 cm v1 cBK c30893d30893 00102ddc406PA_7_00000000000000071aPAULUSbPAULUSd2012-04-11l0oPA7r2012-04-11 00:00:00w2012-04-11yBKzInserito da: Sergio In data: 27 settembre 2011 fondo: Via A.Severo 56 Progr:29489